00669nam a2200193 a 450000100100000000500170001000800410002704000250006808200150009310000350010824000240014324500860016726000390025330000200029249000130031283000200032595201130034599900170045800003713920200930080151.0120216s1964 sp 000 0 spa d aDO-SdBNPbspacBNPHU axxxxbE33c1 aEhrenburg, Ilia,d1891-96354210aprotochnom pereulke14aUna calle de Moscú. /cIlia Ehrenburg; traducción y prólogo Mariano Tudela. aBarcelona :bEditorial AHR,c1964. a254 p. ;c18 p.1 aAl año 0aAl año963543 001050718MOaGRbGRcCTd2012-02-16iLF1l0oxxxx E33cp37139-10r2020-06-25w2020-06-25y1ZNo se presta c36629d36629